000 00751nam a2200289Ia 4500
005 20260324113743.0
008 008 260324s9999 xx 000 0 eng d
020 _a9781003328582
037 _aEBOOK
040 _aCRL
040 _beng
040 _cCRL
041 _2eng
041 _aeng
084 _qCRL
100 _aChitra Krishnan; Kavita Thapliyal; Gurinder Singh
_91148040
245 0 _aGlobal Higher Education and the COVID-19 Pandemic
245 0 _bPerspectives, Challenges, and New Opportunities
260 _bTaylor and Francis
260 _c2023
365 _a
365 _b275
856 _uhttp://www.taylorfrancis.com/books/9781003328582
942 _cEBOOK
999 _c1737854
_d1737854